LEADER 02254nam0 2200469 i 450 001 VAN0115115 005 20220314024129.746 017 70$2N$a978-3-319-32146-2 100 $a20180221d2016 |0itac50 ba 101 $aeng 102 $aCH 105 $a|||| ||||| 200 1 $aNumerical simulation in physics and engineering$electure notes of the 16. 'Jacques-Louis Lions' spanish-french school$fInmaculada Higueras, Teo Roldán, Juan José Torrens editors 210 $a[Cham]$cSpringer$d2016 215 $aIX, 251 p.$cill.$d24 cm 410 1$1001VAN0103257$12001 $aSEMA SIMAI Springer series$1210 $aBerlin [etc.]$cSpringer$v9 500 1$3VAN0243000$aNumerical simulation in physics and engineering$91523531 606 $a65-XX$xNumerical analysis [MSC 2020]$3VANC019772$2MF 606 $a00B25$xProceedings of conferences of miscellaneous specific interest [MSC 2020]$3VANC020732$2MF 606 $a65Zxx$xApplications to the sciences [MSC 2020]$3VANC021520$2MF 606 $a00A69$xGeneral applied mathematics [MSC 2020]$3VANC022597$2MF 606 $a00A72$xGeneral theory of simulation [MSC 2020]$3VANC031136$2MF 610 $aConvolution equations$9KW:K 610 $aGPU computing$9KW:K 610 $aImage processing and computer vision$9KW:K 610 $aIsogeometric Methods$9KW:K 610 $aMathematical modeling in biosciences$9KW:K 610 $aNumerical methods for Partial Differential Equations$9KW:K 610 $aPartial differential equations$9KW:K 620 $aCH$dCham$3VANL001889 702 1$aHigueras$bInmaculada$3VANV089110 702 1$aRoldán$bTeo$3VANV089111 702 1$aTorrens$bJuan José$3VANV089112 712 $aSpringer $3VANV108073$4650 801 $aIT$bSOL$c20240614$gRICA 856 4 $uhttp://dx.doi.org/10.1007/978-3-319-32146-2$zE-book ? Accesso al full-text attraverso riconoscimento IP di Ateneo, proxy e/o Shibboleth 899 $aBIBLIOTECA CENTRO DI SERVIZIO SBA$2VAN15 912 $fN 912 $aVAN0115115 950 $aBIBLIOTECA CENTRO DI SERVIZIO SBA$d15CONS SBA EBOOK 2423 $e15EB 2423 20180221 996 $aNumerical simulation in physics and engineering$91523531 997 $aUNICAMPANIA LEADER 02054nam0 22004453i 450 001 VAN0250284 005 20230605090235.354 017 70$2N$a9789811569753 100 $a20220914d2020 |0itac50 ba 101 $aeng 102 $aSG 105 $a|||| ||||| 200 1 $aStatistics Based on Dirichlet Processes and Related Topics$fHajime Yamato 210 $aSingapore$cSpringer$d2020 215 $aviii, 74 p.$cill.$d24 cm 410 1$1001VAN0113968$12001 $aSpringerBriefs in Statistics. JSS research series in statistics$1210 $aBerlin [etc.]$cSpringer 500 1$3VAN0250285$aStatistics Based on Dirichlet Processes and Related Topics$92391166 606 $a60G05$xFoundations of stochastic processes [MSC 2020]$3VANC021475$2MF 606 $a62-XX$xStatistics [MSC 2020]$3VANC022998$2MF 606 $a62M05$xMarkov processes: estimation; hidden Markov models [MSC 2020]$3VANC024698$2MF 606 $a62G05$xNonparametric estimation [MSC 2020]$3VANC029306$2MF 610 $aDirichlet process$9KW:K 610 $aEwens Sampling Formula$9KW:K 610 $aNonparametric Bayesian Inference$9KW:K 610 $aRandom Partition$9KW:K 610 $aShifted Binomial Distribution$9KW:K 610 $aShifted Poisson Distribution$9KW:K 610 $aU-statistics$9KW:K 610 $aV-statistics$9KW:K 620 $aSG$dSingapore$3VANL000061 700 1$aYamato$bHajime$3VANV204524$01017965 712 $aSpringer $3VANV108073$4650 801 $aIT$bSOL$c20240614$gRICA 856 4 $uhttp://doi.org/10.1007/978-981-15-6975-3$zE-book ? Accesso al full-text attraverso riconoscimento IP di Ateneo, proxy e/o Shibboleth 899 $aBIBLIOTECA DEL DIPARTIMENTO DI MATEMATICA E FISICA$1IT-CE0120$2VAN08 912 $fN 912 $aVAN0250284 950 $aBIBLIOTECA DEL DIPARTIMENTO DI MATEMATICA E FISICA$d08CONS e-book 4996 $e08eMF4996 20220914 996 $aStatistics Based on Dirichlet Processes and Related Topics$92391166 997 $aUNICAMPANIA